[Event "Kstovo Chess Hopes op"]
[Site "Kstovo"]
[Date "2015.06.24"]
[Round "1"]
[White "Eliseev, Stanislav"]
[Black "Denisov, Albert"]
[Result "0-1"]
[WhiteElo "2130"]
[BlackElo "1772"]
[PlyCount "28"]
[EventDate "2015.06.24"]
[EventType "swiss"]
[EventRounds "9"]
[EventCountry "RUS"]
[SourceTitle "CBM 167 Extra"]
[Source "ChessBase"]
[SourceDate "2015.09.14"]
[SourceVersion "1"]
[SourceVersionDate "2015.09.14"]
[SourceQuality "1"]

1. e4 c5 2. Nf3 Nc6 3. g3 d6 4. Bg2 h5 5. d3 h4 6. h3 hxg3 7. fxg3 Nf6 8. Bg5 Be6 9. Nc3 Qb6 10. b3 Nd4 11. Nxd4 cxd4 12. Ne2 Rc8 13. Nf4 Qa5+ 14. Qd2 Qxg5 0-1

[Event "Moscow Rating"]
[Site "Moscow"]
[Date "2007.11.??"]
[Round "11"]
[White "Djafarov, Djafar"]
[Black "Eliseev, Stanislav"]
[Result "0-1"]
[WhiteElo "1813"]
[BlackElo "2156"]
[PlyCount "56"]
[EventDate "2007.11.08"]
[EventType "tourn"]
[EventRounds "11"]
[EventCountry "RUS"]
[SourceTitle "EXT 2022"]
[Source "ChessBase"]
[SourceDate "2021.10.06"]
[SourceVersion "1"]
[SourceVersionDate "2021.10.06"]
[SourceQuality "1"]

1. d4 d5 2. c4 c6 3. cxd5 cxd5 4. Nf3 Nf6 5. Nc3 Nc6 6. Bf4 Bf5 7. e3 e6 8. a3 Be7 9. Be2 h6 10. h3 0-0 11. 0-0 Rc8 12. Ne5 Nxe5 13. Bxe5 Nd7 14. Bg3 a6 15. Bd3 Bxd3 16. Qxd3 Nb6 17. b3 Rc6 18. Rfc1 Qd7 19. b4 Rfc8 20. Ne2 Nc4 21. Rc3 f6 22. Rac1 b5 23. Nf4 a5 24. bxa5 Ra6 25. Qg6 Bxa3 26. R1c2 Bf8 27. Bh4 Qf7 28. Qd3 g5 0-1

[Event "Moscow RGUFK Rating 05"]
[Site "Moscow"]
[Date "2007.??.??"]
[Round "2"]
[White "Eliseev, Stanislav"]
[Black "Djafarov, Djafar"]
[Result "1-0"]
[WhiteElo "2111"]
[BlackElo "1840"]
[PlyCount "58"]
[EventDate "2007.05.11"]
[EventType "tourn"]
[EventRounds "9"]
[EventCountry "RUS"]
[SourceTitle "EXT 2022"]
[Source "ChessBase"]
[SourceDate "2021.10.06"]
[SourceVersion "1"]
[SourceVersionDate "2021.10.06"]
[SourceQuality "1"]

1. e4 e6 2. d4 d5 3. Nd2 dxe4 4. Nxe4 Nf6 5. Nxf6+ Qxf6 6. Nf3 Qd8 7. Be3 Bd6 8. Be2 0-0 9. 0-0 c6 10. c4 Nd7 11. Qc2 Bc7 12. Rfd1 Qe7 13. a3 a5 14. Bd2 Nf6 15. b4 Rd8 16. Bc3 Ne8 17. Ne5 f6 18. Nf3 Nd6 19. Re1 Kh8 20. Rad1 axb4 21. Bxb4 Ba5 22. Bd3 Bxb4 23. axb4 Nf7 24. c5 g6 25. Bxg6 hxg6 26. Nh4 Rg8 27. Nxg6+ Rxg6 28. Qxg6 f5 29. f4 Qd8 1-0

[Event "Moscow RGUFK Rating 05"]
[Site "Moscow"]
[Date "2007.??.??"]
[Round "3"]
[White "Eliseev, Urii"]
[Black "Eliseev, Stanislav"]
[Result "0-1"]
[WhiteElo "2036"]
[BlackElo "2111"]
[PlyCount "116"]
[EventDate "2007.05.11"]
[EventType "tourn"]
[EventRounds "9"]
[EventCountry "RUS"]
[SourceTitle "EXT 2022"]
[Source "ChessBase"]
[SourceDate "2021.10.06"]
[SourceVersion "1"]
[SourceVersionDate "2021.10.06"]
[SourceQuality "1"]

1. e4 e5 2. Nf3 Nc6 3. Bb5 a6 4. Ba4 Nf6 5. d4 exd4 6. 0-0 Be7 7. Re1 b5 8. e5 Nxe5 9. Rxe5 bxa4 10. Nxd4 0-0 11. Bg5 Nd5 12. Nf3 Bxg5 13. Rxg5 Nb6 14. Qd4 f6 15. Rg3 d6 16. Nc3 Bd7 17. Nd5 Nxd5 18. Qxd5+ Kh8 19. Nd4 Rb8 20. b3 Re8 21. Nc6 Bxc6 22. Qxc6 axb3 23. axb3 Rb6 24. Qc4 d5 25. Qd3 Rbe6 26. Kf1 Qd6 27. Re3 Rxe3 28. fxe3 Qxh2 29. Rxa6 Qh1+ 30. Kf2 Qh4+ 31. Kf1 Qg5 32. c4 dxc4 33. Qe4 Qb5 34. bxc4 Qd7 35. Ra8 Rg8 36. Rxg8+ Kxg8 37. Ke2 h6 38. Qg6 Qe6 39. Qd3 Kf7 40. Qd4 h5 41. Kf2 g6 42. Kg1 Qd6 43. Qe4 Qe5 44. Qd3 h4 45. Qd7+ Qe7 46. Qd5+ Kg7 47. Qd4 g5 48. Kh1 Qe5 49. Qd3 Kh6 50. Qd8 Kg6 51. Qg8+ Kf5 52. Qh7+ Kg4 53. Qd7+ Kg3 54. Qh3+ Kf2 55. Qf3+ Ke1 56. e4 Qf4 57. Qd3 Qf1+ 58. Qxf1+ Kxf1 0-1